000 00883nam a2200241Ia 4500
003 OSt
005 20220927105128.0
006 a|||||r|||| 00| 0
007 ta
008 220926b |||||||| |||| 00| 0 eng d
024 _a155096
037 _cReference Collections
040 _aRTL
_cRTL
_beng
041 _2eng
_aeng
082 _a"X:9583:(Z2.N23)n, L7"
110 _a"INDIA (Govt.of), LABOUR AND REHABILITATION (Ministry of), LABOUR (Burean)."
_9370392
245 0 _a"Annual review on the working of the workmen's compensation act,1923 during 1976-77."
260 _aShimla
_b"Labour burean,Ministry of labour and rehabiliation,1977 "
_c1977
300 _a27p
_ccm.
700 _a"INDIA (Govt.of), LABOUR AND REHABILITATION (Ministry of), LABOUR (Burean)."
_9370393
942 _h"X:9583:(Z2.N23)n, L7"
_cCC
999 _c690824
_d690824